| 000 | 00805cam a2200289 a 4500 | ||
|---|---|---|---|
| 999 |
_c8673 _d8673 |
||
| 001 | 8673 | ||
| 003 | BD-JhCC | ||
| 005 | 20180714181705.0 | ||
| 008 | 851001s1986 caua 001 0 eng | ||
| 020 | _a0534052983 | ||
| 035 | _a(BD-JhCC)8673 | ||
| 040 |
_aDLC _cDLC _dDLC _dBD-JhCC |
||
| 041 | _aeng | ||
| 050 | 0 | 0 |
_aQA154.2 _b.G52 1986 |
| 082 | 0 | 0 |
_a512.9 _219 _bGIL 1986 |
| 100 | 1 |
_aGilbert, Jimmie, _d1934- |
|
| 245 | 1 | 0 |
_aCollege algebra / _cJimmie Gilbert, James Spencer, Linda Gilbert. |
| 250 | _a2nd ed. | ||
| 260 |
_aBelmont, Calif. : _bWadsworth Pub. Co., _cc1986. |
||
| 300 |
_axi, 420 p. : _bill. (some col.) ; _c25 cm. |
||
| 500 | _aIncludes index. | ||
| 650 | 0 | _aAlgebra. | |
| 700 | 1 |
_aSpencer, James, _d1943- |
|
| 700 | 1 |
_aGilbert, Linda, _d1948- |
|
| 942 |
_2ddc _cBK |
||